Valuation of plant and machinery (Record no. 121506)

MARC details
000 -LEADER
fixed length control field 01196cam a2200277 4500
008 - FIXED-LENGTH DATA ELEMENTS--GENERAL INFORMATION
fixed length control field 230524s2022 ii 000 0 eng u
020 ## - INTERNATIONAL STANDARD BOOK NUMBER
International Standard Book Number 9788190162372
041 ## - LANGUAGE CODE
Language code of text/sound track or separate title eng
050 ## - LIBRARY OF CONGRESS CALL NUMBER
Classification number 333.3321
100 ## - MAIN ENTRY--PERSONAL NAME
Personal name Budhbhatti, Kirit P.
245 ## - TITLE STATEMENT
Title Valuation of plant and machinery
Remainder of title theory and practice
250 ## - EDITION STATEMENT
Edition statement 4th ed.
260 ## - PUBLICATION, DISTRIBUTION, ETC.
Place of publication, distribution, etc. Karamsad
Name of publisher, distributor, etc. the author
Date of publication, distribution, etc. 2022
300 ## - PHYSICAL DESCRIPTION
Extent 558p.
520 ## - SUMMARY, ETC.
Summary, etc. A reference book for plant and machinery valuations, aimed at students and in the context of India. Covers role and function of a valuer; definitions and glossary of terms; valuation fundamentals; depreciation and obsolescence; valuation methods and procedures; environmental issues; fire insurance; and technical specifications for machinery used in different industries. Draws on information from RICS, American Society of Appraisers and other organisations around the world.
650 ## - SUBJECT ADDED ENTRY--TOPICAL TERM
Topical term or geographic name entry element PLANT AND MACHINERY
650 ## - SUBJECT ADDED ENTRY--TOPICAL TERM
Topical term or geographic name entry element VALUATION METHODS
650 ## - SUBJECT ADDED ENTRY--TOPICAL TERM
Topical term or geographic name entry element INDIA
650 ## - SUBJECT ADDED ENTRY--TOPICAL TERM
Topical term or geographic name entry element ENVIRONMENTAL ISSUES
650 ## - SUBJECT ADDED ENTRY--TOPICAL TERM
Topical term or geographic name entry element DEPRECIATION
650 ## - SUBJECT ADDED ENTRY--TOPICAL TERM
Topical term or geographic name entry element OBSOLESCENCE
650 ## - SUBJECT ADDED ENTRY--TOPICAL TERM
Topical term or geographic name entry element FIRE INSURANCE
651 #4 - SUBJECT ADDED ENTRY--GEOGRAPHIC NAME
Geographic name INDIA
690 ## - LOCAL SUBJECT ADDED ENTRY--TOPICAL TERM (OCLC, RLIN)
Topical term or geographic name as entry element PROPERTY-PROPERTY APPRAISAL AND VALUATION
942 ## - ADDED ENTRY ELEMENTS (KOHA)
Suppress in OPAC 0
Source of classification or shelving scheme Dewey Decimal Classification
Holdings
Withdrawn status Lost status Source of classification or shelving scheme Damaged status Not for loan Home library Current library Shelving location Date acquired Source of acquisition Total Checkouts Full call number Date last seen Price effective from Koha item type
    Dewey Decimal Classification     London London Folio 24/05/2023 Donated   F333.3321 BUD 24/05/2023 24/05/2023 Book